[Event "8. Arber-Schachopen 2019"]
[Site "Bodenmais"]
[Date "2019.07.27"]
[Round "1.1"]
[White "Vanhee, Lars"]
[Black "Delchev, Aleksander"]
[Result "0-1"]
[WhiteElo "1895"]
[BlackElo "2571"]
[Annotator "RC"]
[PlyCount "82"]
[EventDate "2019.07.27"]
[EventCountry "GER"]
[SourceTitle "playchess.com"]
[Source "ChessBase"]
[SourceQuality "1"]
[TimeControl "40/5400+30:1800+30"]

1. d4 {[%emt 0:00:00]} c5 {[%emt 0:00:00]} 2. d5 {[%emt 0:00:00]} g6 {[%emt 0:00:00]} 3. c4 {[%emt 0:00:00]} d6 {[%emt 0:00:30]} 4. Nc3 {[%emt 0:00:02]} Bg7 {[%emt 0:00:04]} 5. Nf3 {[%emt 0:00:37]} Nf6 {[%emt 0:00:10]} 6. Bf4 {[%emt 0:01:14]} O-O {[%emt 0:00:15]} 7. h3 {[%emt 0:01:16]} Qb6 {[%emt 0:09:10]} 8. Qd2 {[%emt 0:04:22]} e6 {[%emt 0:00:10]} 9. e3 {[%emt 0:12:28]} exd5 {[%emt 0:01:06]} 10. cxd5 {[%emt 0:00:20]} Bf5 {[%emt 0:00:30]} 11. Be2 {[%emt 0:09:58]} Ne4 {[%emt 0:00:18]} 12. Nxe4 {[%emt 0:00:33]} Bxe4 {[%emt 0:00:05]} 13. O-O {[%emt 0:01:27]} h6 {[%emt 0:02:55]} 14. a4 {[%emt 0:04:44]} Na6 {[%emt 0:10:16]} 15. a5 {[%emt 0:06:47]} Qd8 {[%emt 0:00:05]} 16. Ne1 {[%emt 0:03:43]} g5 {[%emt 0:02:37]} 17. Bh2 {[%emt 0:00:24]} Nb4 {[%emt 0:00:12]} 18. Bc4 {[%emt 0:05:28]} Qf6 {[%emt 0:02:04]} 19. f3 {[%emt 0:01:45]} Qxb2 {[%emt 0:04:13]} 20. Rd1 {[%emt 0:08:07]} Bc2 {[%emt 0:05:35]} 21. Nxc2 {[%emt 0:03:15]} Qxc2 {[%emt 0:02:07]} 22. Qxc2 {[%emt 0:03:55]} Nxc2 {[%emt 0:00:04]} 23. Bxd6 {[%emt 0:01:13]} Nxe3 {[%emt 0:00:06]} 24. Bxf8 {[%emt 0:00:13]} Kxf8 {[%emt 0:00:11]} 25. Bb5 {[%emt 0:01:29]} Bd4 {[%emt 0:01:57]} 26. Kh1 {[%emt 0:01:18]} Rd8 {[%emt 0:00:07]} 27. Bd3 {[%emt 0:03:36]} Rxd5 {[%emt 0:00:48]} 28. Be4 {[%emt 0:00:11]} Rd7 {[%emt 0:00:05]} 29. Rfe1 {[%emt 0:00:40]} Nxd1 {[%emt 0:00:12]} 30. Rxd1 {[%emt 0:00:02]} b6 {[%emt 0:01:36]} 31. a6 {[%emt 0:02:13]} Rd6 {[%emt 0:03:57]} 32. Bd3 {[%emt 0:01:31]} Be3 {[%emt 0:01:03]} 33. Be2 {[%emt 0:00:37]} Rxd1+ {[%emt 0:00:03]} 34. Bxd1 {[%emt 0:00:10]} b5 {[%emt 0:00:04]} 35. Be2 {[%emt 0:00:18]} c4 {[%emt 0:00:03]} 36. g3 {[%emt 0:00:56]} Ke7 {[%emt 0:00:05]} 37. Kg2 {[%emt 0:00:08]} Kd6 {[%emt 0:00:03]} 38. Kf1 {[%emt 0:00:05]} Kc5 {[%emt 0:00:03]} 39. Ke1 {[%emt 0:00:12]} b4 {[%emt 0:00:02]} 40. Kd1 {[%emt 0:00:11]} b3 {[%emt 0:00:04]} 41. g4 {[%emt 0:32:10]} c3 {[%emt 0:30:12]} 0-1

[Event "8. Arber-Schachopen 2019"]
[Site "Bodenmais"]
[Date "2019.07.27"]
[Round "1.2"]
[White "Mirzoev, Emil"]
[Black "Wacker, Andreas"]
[Result "1-0"]
[WhiteElo "2493"]
[BlackElo "1792"]
[Annotator "TA"]
[PlyCount "65"]
[EventDate "2019.07.27"]
[EventCountry "GER"]
[SourceTitle "playchess.com"]
[Source "ChessBase"]
[SourceQuality "1"]

{[%evp 17,65,37,58,0,93,26,108,101,103,91,78,73,86,72,106,86,117,117,117,114,115,122,152,154,154,154,150,148,180,178,178,178,188,178,179,172,176,172,189,189,361,353,353,347,389,389,443,431,627,593]} 1. c4 Nf6 2. Nc3 g6 3. e4 e5 4. Nf3 d6 5. d4 Nbd7 6. Be2 Bg7 7. O-O O-O 8. Qc2 Qe7 9. Rd1 c6 10. b3 {E94: King's Indian: Classical: 6 Be2 e5 7 0-0: Various Black 7th moves} (10. d5 $14) (10. Be3 Ng4 11. Bg5 f6 12. Bh4 Nh6 13. c5 dxc5 14. dxe5 Nxe5 15. Nxe5 Qxe5 16. Bg3 Qe8 17. Bd6 Rf7 18. Bxc5 {½-½ (36) Tarlev,K (2598)-Amonatov,F (2602) Urmia 2016}) 10... Nb6 $146 (10... exd4 $11 11. Nxd4 a6) ({Predecessor:} 10... exd4 11. Nxd4 Re8 12. f3 Nh5 13. Bf1 Nc5 14. Bb2 a5 15. a3 Bd7 16. Nce2 Qd8 17. Rab1 Qb6 {1-0 (86) Berg,M (2290)-Popovic,P (2453) Germany 2016}) 11. Ba3 ({White should try} 11. dxe5 $16 dxe5 12. a4) 11... c5 (11... exd4 $11 {remains equal.} 12. e5 (12. Nxd4 Re8 $11) (12. Rxd4 c5 $11) 12... dxc3 13. Bxd6 Qd8) 12. dxe5 $16 {White is better.} dxe5 13. Nd5 Nbxd5 14. cxd5 b6 15. Nd2 $36 {[%mdl 2048] White has strong initiative.} Bb7 16. Nc4 Nd7 17. Bb2 f5 18. f3 f4 19. a4 a5 20. Na3 Ba6 21. d6 Qf7 22. Nb5 {Black must now prevent Bc4.} Bxb5 23. Bxb5 Kh8 24. Rd5 Rfe8 25. Rad1 Ra7 26. Bc3 Qe6 27. Qe2 Qf7 28. Bc6 Qe6 $2 (28... Qf6 {was worth a try.} 29. Bb2 h5) 29. Qb5 $18 Rb8 30. h3 h6 31. Bxd7 Rxd7 {[#]} 32. Bxe5 $1 {[%mdl 512]} Bxe5 {[#]} (32... Rbb7 $142) 33. Rxe5 $1 {[%mdl 512] Accuracy: White = 74%, Black = 28%.} 1-0

[Event "8. Arber-Schachopen 2019"]
[Site "Bodenmais"]
[Date "2019.07.27"]
[Round "1.3"]
[White "Meixner, Torsten"]
[Black "Pap, Misa"]
[Result "0-1"]
[WhiteElo "1881"]
[BlackElo "2461"]
[Annotator "TA"]
[PlyCount "62"]
[EventDate "2019.07.27"]
[EventCountry "GER"]
[SourceTitle "playchess.com"]
[Source "ChessBase"]
[SourceQuality "1"]

{[%evp 17,62,2,8,6,8,0,0,0,14,12,18,-66,-55,-64,-77,-92,-79,-81,-87,-137,-131,-141,-136,-158,-155,-163,-143,-200,-196,-197,-156,-181,-183,-212,-214,-212,-211,-281,-260,-271,-273,-267,-260,-299,-301,-337,-339]} 1. e4 c5 2. Nf3 Nc6 3. d4 cxd4 4. Nxd4 e5 5. Nb5 d6 6. c4 Be7 7. Be3 Be6 8. N1c3 a6 9. Na3 Bg5 10. Nc2 {B32: Sicilian: Löwenthal and Kalashnikov Variations} Rc8 (10... Nh6 11. Bxg5 Qxg5 12. Qd2 Qxd2+ 13. Kxd2 f5 14. Bd3 f4 15. Nd5 Rc8 16. Be2 Ng4 17. f3 Nf6 {½-½ (31) Leko,P (2737)-Morozevich,A (2736) Beijing 2013}) 11. Qd2 Bxe3 12. Nxe3 {The position is equal.} Nd4 13. b3 $146 ({Predecessor:} 13. Bd3 Ne7 14. Rc1 O-O 15. O-O Ng6 16. Ne2 Qg5 17. Kh1 h6 {1-0 (32) Lahtinen,M (2240)-Porrasmaa,T (2120) Kuopio 1997}) 13... Qa5 {[#] Strongly threatening ...Nxb3!} 14. Ncd5 (14. Rd1 $11) 14... Nxb3 $1 $15 {[%csl Gb3][%cal Ra5d2]} 15. Qxa5 Nxa5 16. Be2 Ne7 17. O-O Nxd5 18. cxd5 Bd7 19. Rfc1 Ke7 20. f3 b5 21. g4 g6 22. g5 (22. Rxc8 $17 Rxc8 23. Kf2) 22... Rc5 23. Rc2 Rhc8 24. Rac1 Nb7 25. Kf1 Rxc2 26. Rxc2 Nc5 27. Ke1 {[#]} h6 $1 {[%mdl 512] Black has a decisive advantage.} 28. h4 (28. gxh6 Rh8) 28... hxg5 29. hxg5 Rh8 30. Bf1 Rh1 31. Kf2 Rh5 {Accuracy: White = 25%, Black = 76%.} 0-1

[Event "8. Arber-Schachopen 2019"]
[Site "Bodenmais"]
[Date "2019.07.27"]
[Round "1.4"]
[White "Milov, Leonid"]
[Black "Malditz, Dieter"]
[Result "1-0"]
[WhiteElo "2472"]
[BlackElo "1869"]
[Annotator "RC"]
[PlyCount "47"]
[EventDate "2019.07.27"]
[EventCountry "GER"]
[SourceTitle "playchess.com"]
[Source "ChessBase"]
[SourceQuality "1"]
[TimeControl "40/5400+30:1800+30"]

1. e4 c6 {[%emt 0:00:00]} 2. d4 {[%emt 0:00:14]} d5 {[%emt 0:00:03]} 3. Nc3 {[%emt 0:00:07]} dxe4 {[%emt 0:00:24]} 4. Nxe4 {[%emt 0:00:04]} Bf5 {[%emt 0:00:16]} 5. Ng3 {[%emt 0:00:06]} Bg6 {[%emt 0:00:05]} 6. Nh3 {[%emt 0:00:17]} e6 {[%emt 0:01:01]} 7. Nf4 {[%emt 0:00:07]} Bd6 {[%emt 0:00:16]} 8. Ngh5 {[%emt 0:00:33]} Bxh5 {[%emt 0:04:30]} 9. Nxh5 {[%emt 0:00:20]} g6 {[%emt 0:00:17]} 10. Nf4 {[%emt 0:00:08]} Nd7 {[%emt 0:01:38]} 11. g3 {[%emt 0:02:21]} Ngf6 {[%emt 0:03:10]} 12. Bg2 {[%emt 0:00:45]} Qc7 {[%emt 0:21:05]} 13. O-O {[%emt 0:00:33]} O-O 14. Nd3 {[%emt 0:04:45]} c5 {[%emt 0:05:51]} 15. Nxc5 {[%emt 0:06:04]} Bxc5 {[%emt 0:02:10]} 16. Qf3 {[%emt 0:30:13]} Nd5 17. a3 {[%emt 0:00:30]} Rfb8 {[%emt 0:12:39]} 18. Qb3 {[%emt 0:04:57]} Rd8 {[%emt 0:08:00]} 19. Bxd5 {[%emt 0:11:30]} Rab8 {[%emt 0:00:30]} 20. Bh6 {[%emt 0:00:12]} Nb6 {[%emt 0:04:44]} 21. Rad1 {[%emt 0:05:28]} e5 {[%emt 0:03:07]} 22. Qxb6 Bf8 23. Be3 Bc5 24. Bg5 1-0

[Event "8. Arber-Schachopen 2019"]
[Site "Bodenmais"]
[Date "2019.07.27"]
[Round "1.5"]
[White "Eggeling, Philipp"]
[Black "Peng, Li Min"]
[Result "0-1"]
[WhiteElo "1866"]
[BlackElo "2466"]
[Annotator "TA"]
[PlyCount "44"]
[EventDate "2019.07.27"]
[EventCountry "GER"]
[SourceTitle "playchess.com"]
[Source "ChessBase"]
[SourceQuality "1"]

{[%evp 17,66,19,21,0,0,0,1,-1,3,-10,18,-14,-25,-37,0,-36,0,8,17,-62,-62,-58,-73,-67,-59,-106,-97,-124,-82,-87,-87,-148,-147,-144,-143,-143,-145,-143,-141,-154,-154,-263,-271,-271,-249,-252,-254,-257,-246,-268,-273]} 1. Nf3 Nf6 2. g3 g6 3. Bg2 Bg7 4. O-O O-O 5. c4 d5 6. cxd5 Nxd5 7. d4 Nb6 8. Nc3 Nc6 9. e3 Re8 10. Bd2 {D76: Fianchetto Grünfeld: Main Line with 7...Nb6} (10. a3 e5 11. d5 Na5 12. Qc2 c6 13. b4 Nac4 14. dxc6 bxc6 15. Rd1 Bf5 16. e4 Bd7 17. Na4 Nxa4 18. Qxc4 {½-½ (50) Le,Q (2737)-Ivanchuk,V (2726) Huaian 2017}) 10... e5 11. dxe5 Nxe5 12. Nxe5 {The position is equal.} Bxe5 13. Qc2 $146 ({Predecessor:} 13. b3 c6 14. Rc1 Bg4 15. f3 Bf5 16. e4 Qd4+ 17. Kh1 Be6 {0-1 (67) Jalaghonia,N (1865)-Zaksaite,S (2203) Kutansi 2015}) 13... c6 14. a4 Nc4 15. Bc1 Qa5 16. Rb1 Bxc3 17. Qxc3 Bf5 {Hoping for ...Qxc3.} ({Don't blunder} 17... Qxa4 $2 18. b3 $18) 18. Qxa5 (18. b4 $1 $11 Qe5 19. Rb3) 18... Nxa5 $15 19. Ra1 Nb3 $36 {[%mdl 2048] Black is really pushing.} 20. Ra3 Bc2 21. Re1 Rad8 22. Bf3 {[#]} Kg7 {Played: Rd8-d4} 0-1

[Event "8. Arber-Schachopen 2019"]
[Site "Bodenmais"]
[Date "2019.07.27"]
[Round "1.6"]
[White "Bensch, Patrick"]
[Black "Peglau, Mirjam"]
[Result "1-0"]
[WhiteElo "2197"]
[BlackElo "1759"]
[Annotator "TA"]
[PlyCount "121"]
[EventDate "2019.07.27"]
[EventCountry "GER"]
[SourceTitle "playchess.com"]
[Source "ChessBase"]
[SourceQuality "1"]

{[%evp 12,121,0,0,18,0,81,-21,-17,-8,-15,-22,-33,-29,-20,-31,-29,-33,-29,-26,27,1,0,-60,-95,-74,-50,-55,72,62,188,77,130,-83,0,-100,-107,-234,-231,-257,-155,-158,-147,-161,142,-43,0,-75,0,-49,0,0,0,0,0,0,0,0,0,0,5670,934,29969,29969,29985,29986,29986,29978,29978,29957,29956,29955,29965,29965,29961,10692,2245,1618,1243,690,852,866,1279,1251,1251,1251,1243,1243,1243,1243,1243,1243,1845,1835,1762,1436,1067,965,29980,29981,29984,29985,29985,29986,29986,29985,29985,29986,29990,29991,29991,29992]} 1. c4 c5 2. Nf3 Nf6 3. Nc3 d5 4. cxd5 Nxd5 5. e4 Nb4 6. Bc4 Nd3+ 7. Ke2 Nf4+ {A34: Symmetrical English: 2 Nc3, lines with ...d5} 8. Kf1 {d4 is the strong threat.} Be6 (8... Nd3 $11) (8... Ne6 9. d4 cxd4 10. Bxe6 Bxe6 11. Nxd4 Nc6 12. Nxe6 Qxd1+ 13. Nxd1 fxe6 14. Bd2 e5 15. f3 {½-½ (58) Aronian,L (2765)-Vachier Lagrave,M (2781) London 2018}) 9. Bxe6 (9. Bb5+ $16 Bd7 10. d4 cxd4 11. Qxd4 (11. Bxf4 dxc3 12. Be2 cxb2 $11) (11. Nxd4 Ng6 $14)) 9... Nxe6 {The position is equal.} 10. d3 $146 ({Predecessor:} 10. b4 g6 11. bxc5 Bg7 12. d4 Nxd4 13. Bh6 Bxh6 14. Qxd4 Qxd4 15. Nxd4 {½-½ (49) Rachela,M (2338)-Babula,V (2584) Hustopece 2009}) 10... Nc6 11. g3 g6 12. h4 Bg7 13. h5 Qd7 14. Kg2 O-O-O 15. Nd5 Ned4 (15... f5 $142) 16. h6 $1 $11 {[%cal Rh6g7]} Bf6 $1 17. Bf4 ({Better is} 17. Be3 $11) 17... Nxf3 $15 18. Qxf3 Bxb2 19. Rab1 Be5 (19... Bd4 $1 $15 {stays ahead.}) 20. Rhc1 $1 $16 {Strongly threatening Bxe5.} Qd6 (20... Bd4 $14) 21. Be3 (21. Bxe5 $1 $18 {is the precise move to win.} Nxe5 22. Qe3) 21... b6 (21... Bd4 $142) 22. d4 $2 (22. Nxb6+ $1 $16 {is necessary to keep the advantage.} axb6 23. Rxb6) 22... Nxd4 (22... Bxd4 $17 23. Bxd4 Nxd4) 23. Bxd4 (23. Qxf7 $11 {remains equal.} Rd7 24. f4) 23... Bxd4 $17 24. Qd3 (24. a4 $17) 24... Kb7 $1 $19 25. a4 {White wants to play a5.} e6 26. Nxb6 axb6 27. a5 Be5 $2 {[#]} ({Black should try} 27... Ka7 $19 28. Rb5 f5) 28. Qf3 $2 (28. Qc2 $1 $16 Ka7 29. Rxb6) 28... Qd4 {aiming for ...Rhf8.} 29. Qxf7+ (29. Rxb6+ $11 Ka7 30. Rcb1) 29... Rd7 (29... Qd7 $17 30. Rxb6+ Ka7) 30. Rxb6+ Ka7 (30... Kc7 $5 31. Qxe6 Qxe4+ 32. Kg1 Qd5 33. Rc6+ Kd8 34. R1xc5 Qxe6 35. Rxe6 Bd4 $17) 31. Qxe6 {Threatening mate with Ra6+.} Rd6 32. Qf7+ Rd7 33. Qe6 {Ra6+ would kill now.} Rd6 34. Qf7+ Rd7 35. Qb3 $40 {[%mdl 128] Intending Ra6+! and mate. White mounts an attack.} Rd6 $2 {[%mdl 8192]} (35... Rf8 {[#]} 36. Ra6+ $1 {[%mdl 512]} Kxa6 37. Qb6#) (35... Qxe4+ $11 36. Kg1 Qd3) 36. Rc4 ({Weaker is} 36. Rxd6 Qxd6 37. Qf7+ (37. Rb1 $2 Rb8 $19) 37... Qc7 $11) (36. Rb1 $142 Qxe4+ 37. Kg1) 36... Qd3 {[#]} 37. Qb5 $1 {[%csl Gb6][%cal Rb5a6][%mdl 512]} Rxb6 38. Qxb6+ Ka8 39. Qa6+ Kb8 40. Rb4+ {[%mdl 64] Discovered Attack} cxb4 41. Qxd3 {[%mdl 4096] Endgame KQ-KRB} Bc3 42. Qd7 Ka8 43. a6 {[%csl Ga6][%cal Rd7b7]} Rb8 44. Qd5+ Ka7 45. Qb3 Kxa6 {[#]} 46. e5 $1 {[%mdl 64] Decoy} Bxe5 47. Qe6+ Rb6 48. Qxe5 $18 {KQ-KR} b3 49. Qb2 Rb4 50. Kf3 Kb5 51. Ke3 Kc4 52. Kd2 Kb5 53. Kc1 Rc4+ 54. Kb1 Kb4 55. Qd2+ {White mates.} Ka3 56. Qa5+ Ra4 57. Qc5+ Rb4 58. Qa7+ {[%mdl 64] Double Attack} Ra4 59. Qxh7 b2 60. Qe7+ Kb3 61. Qe3+ {Accuracy: White = 47%, Black = 39%.} 1-0

[Event "8. Arber-Schachopen 2019"]
[Site "Bodenmais"]
[Date "2019.07.27"]
[Round "1.7"]
[White "Rotstein, Arkadij"]
[Black "Uneken, Bert"]
[Result "1-0"]
[WhiteElo "2471"]
[BlackElo "1860"]
[Annotator "TA"]
[PlyCount "35"]
[EventDate "2019.07.27"]
[EventCountry "GER"]
[SourceTitle "playchess.com"]
[Source "ChessBase"]
[SourceQuality "1"]

{[%evp 14,35,20,20,20,11,35,12,27,26,49,33,136,137,130,137,138,134,154,159,189,194,237,226]} 1. c4 Nf6 2. Nc3 c5 3. g3 Nc6 4. Bg2 g6 5. e4 Bg7 6. Nge2 d6 7. O-O Be6 8. d3 Qc8 {A36: Symmetrical English vs ...g6: 4 Bg2 Bg7} 9. Nd5 Bd7 $146 ({Predecessor:} 9... Bg4 10. f3 Bd7 11. Be3 e6 12. Ndc3 a6 13. Rc1 Qc7 14. Qd2 Ne5 15. b3 Rd8 16. h3 {1-0 (58) Bors,T (2303)-Farago,S (2252) Budapest 2002}) 10. Rb1 O-O {The position is equal.} 11. Bg5 Bh3 12. Qd2 Re8 (12... Bxg2 $14 13. Kxg2 Rb8) 13. Bxh3 $16 Qxh3 {[#]} 14. Bxf6 $1 Bxf6 {White is clearly better.} 15. Nc7 Ne5 {( -> ...Nf3+!)} 16. f3 Qh5 17. Kg2 Bg5 18. f4 {[%mdl 64] Double Attack} 1-0

[Event "8. Arber-Schachopen 2019"]
[Site "Bodenmais"]
[Date "2019.07.27"]
[Round "1.8"]
[White "Schmitz, Tim"]
[Black "Hoffmann, Michael"]
[Result "0-1"]
[WhiteElo "1870"]
[BlackElo "2438"]
[Annotator "TA"]
[PlyCount "50"]
[EventDate "2019.07.27"]
[EventCountry "GER"]
[SourceTitle "playchess.com"]
[Source "ChessBase"]
[SourceQuality "1"]

{[%evp 14,50,26,-10,-7,-6,-3,-3,-10,-5,-3,-6,7,-21,-18,-14,-6,-45,-39,-40,-29,-23,-7,-119,-102,-128,-110,-138,-147,-220,-199,-268,-221,-700,-699,-687,-679,-856,-862]} 1. e4 c5 2. Nf3 e6 3. d4 cxd4 4. Nxd4 Nc6 5. Nc3 Qc7 6. Be3 a6 7. Bd3 Nf6 8. Qd2 Ng4 {B48: Sicilian: Taimanov: 5 Nc3 Qc7 6 Be3 a6 without Be2} (8... b5 9. O-O-O Bb7 10. f3 Ne5 11. Bxb5 axb5 12. Ndxb5 Qc6 13. Qd4 Nc4 14. Bf4 Bb4 15. Nc7+ Ke7 16. e5 Bxc3 17. exf6+ gxf6 18. Qxc3 Rxa2 19. b3 Na3 20. Bd6+ {1-0 (20) Cao,S (2543)-Horvath,A (2532) Szekesfehervar 2006}) 9. Nxc6 {[#] Threatens to win with Nd4.} Nxe3 10. Qxe3 {aiming for Nd4.} bxc6 {The position is equal.} 11. O-O Be7 $146 ({Predecessor:} 11... d6 12. Qg5 Rb8 13. Rab1 h6 14. Qg4 g6 15. Qf4 Bg7 16. Na4 {0-1 (31) Taffijn,M (1764)-De Waard,J (2300) ICCF email 2015}) 12. e5 d6 13. Qg3 O-O 14. f4 Rb8 15. Ne4 dxe5 16. fxe5 f5 17. Nd6 Rxb2 18. Nc4 (18. Bc4 $11 {keeps the balance.}) 18... Rb5 $17 19. Rab1 Rd8 20. Rb3 a5 $36 {[%cal Ba6a5,Ba5a4][%mdl 2080] Black is in control.} 21. Rfb1 (21. Nd6 $17 a4 22. Rc3 Bxd6 23. exd6 Qb6+ 24. Kh1) 21... a4 22. R3b2 (22. Rxb5 {was worth a try.} cxb5 23. Nd6) 22... Ba6 {[#] Strongly threatening ...Rxb2.} 23. h3 $2 (23. Kh1) 23... Rxb2 $19 {Black is clearly winning.} 24. Rxb2 Qa7+ 25. Kh1 Bxc4 {Accuracy: White = 33%, Black = 81%.} 0-1

[Event "8. Arber-Schachopen 2019"]
[Site "Bodenmais"]
[Date "2019.07.27"]
[Round "1.9"]
[White "Bogdanov, Egor"]
[Black "Albrecht, Manuel"]
[Result "1-0"]
[WhiteElo "2407"]
[BlackElo "1833"]
[Annotator "TA"]
[PlyCount "45"]
[EventDate "2019.07.27"]
[EventCountry "GER"]
[SourceTitle "playchess.com"]
[Source "ChessBase"]
[SourceQuality "1"]

{[%evp 9,45,-12,60,58,126,84,127,113,147,144,145,140,139,143,148,122,109,104,98,110,206,103,202,201,231,237,237,235,234,234,283,297,364,369,460,459,481,466]} 1. e4 e5 2. d4 exd4 3. Nf3 d5 4. Qxd4 dxe4 (4... Nf6 5. Nc3 Nc6 6. Bb5 dxe4 7. Qxd8+ Kxd8 8. Ng5 Be6 9. Be3 a6 10. O-O-O+ Ke8 11. Bxc6+ bxc6 12. Ncxe4 Nxe4 13. Nxe4 {1-0 (66) Sutovsky,E (2610)-Alterman,B (2615) Tel Aviv 1999}) 5. Qxd8+ Kxd8 6. Ng5 {C21: Danish Gambit} Nh6 ({Better is} 6... Be6 $14) 7. Nxe4 Bb4+ {[#]} 8. Nbc3 $1 {White is better.} Re8 9. Bg5+ Be7 $146 ({Predecessor:} 9... f6 10. O-O-O+ Bd7 11. Bxh6 gxh6 12. Nxf6 {1-0 (38) Navarrete Delgado,S (2211)-Batyte,D (2138) Brno 2005}) 10. O-O-O+ Bd7 11. Bf4 {And now Nd5 would win.} Kc8 12. Nd5 $36 {[%mdl 2048] White is in control.} Bd8 13. Bd3 Ng4 14. Rhe1 f5 {[#]} (14... b6 $16 15. Bg3 Ne5) 15. Ng3 (15. Nc5 $1 $18 Rxe1 16. Rxe1 Nxf2 17. Ne7+ Bxe7 18. Rxe7) 15... Rxe1 (15... g6 $16) 16. Rxe1 $18 Nxf2 17. Bxf5 {Strongly threatening Ne7+.} g6 18. Bxd7+ Kxd7 19. h3 c6 20. Nc3 Bh4 21. Rf1 g5 22. Nf5 ({Less strong is} 22. Rxf2 gxf4 23. Rd2+ Kc7 $14) 22... Nxh3 23. gxh3 {Accuracy: White = 77%, Black = 38%.} 1-0

[Event "8. Arber-Schachopen 2019"]
[Site "Bodenmais"]
[Date "2019.07.27"]
[Round "1.10"]
[White "Schreib, Marc"]
[Black "Sergeev, Vladimir"]
[Result "0-1"]
[WhiteElo "1839"]
[BlackElo "2415"]
[Annotator "TA"]
[PlyCount "74"]
[EventDate "2019.07.27"]
[EventCountry "GER"]
[SourceTitle "playchess.com"]
[Source "ChessBase"]
[SourceQuality "1"]

{[%evp 9,74,62,56,33,33,8,40,22,33,20,22,25,19,10,34,25,32,4,28,17,43,28,34,30,30,34,30,12,12,0,19,0,9,0,6,0,7,0,0,-60,-47,-50,-36,-47,-45,-47,-51,-43,-43,-52,-28,-37,-7,-8,-9,-18,-9,-17,-10,-169,-200,-196,-184,-130,-114,-521,-504]} 1. d4 d6 2. Bf4 c5 (2... g6 3. Nc3 Bg7 4. e4 a6 5. Qd2 b5 6. Nf3 Bb7 7. Bd3 Nd7 8. O-O c5 9. dxc5 Nxc5 10. b4 Nxd3 11. cxd3 Nf6 12. Bh6 {0-1 (41) Demchenko,A (2679)-Petrosian,T (2598) St Petersburg 2018}) 3. dxc5 Qa5+ 4. Nc3 Qxc5 5. e4 Nf6 6. Bd3 $146 {A41: 1 d4 d6: Tartakower System and Modern Defence} ({Predecessor:} 6. Nf3 Nc6 7. a3 Bg4 8. Be3 Qa5 9. b4 Qd8 10. Be2 {½-½ (39) Rakhmangulov,A (2331)-Mikhaletz,L (2395) Lutsk 2015}) 6... a6 7. Be3 (7. Nf3 {feels hotter.} e6 8. a4 Qc7 9. O-O Nc6 10. Nd2) 7... Qa5 8. Bd2 {White is slightly better.} Nbd7 9. Nd5 (9. Nf3 {looks sharper.} g6 10. a4 Bg7 11. O-O Qd8 12. a5) 9... Qd8 $1 10. Nxf6+ Nxf6 11. c4 e6 12. Nf3 Be7 13. Bc3 O-O 14. O-O b6 15. e5 dxe5 16. Nxe5 Bb7 17. Qe2 Qc7 18. Rac1 a5 19. Rfd1 Rfd8 20. Bb1 Bc5 21. h3 h6 22. Bc2 Rac8 23. Bb1 Ba8 24. Rd2 ({White should try} 24. Rxd8+ $11 Rxd8 25. Re1) 24... Qb7 {[%csl Ga8][%cal Rb7g2] [#]} 25. Nf3 Ne4 26. Bxe4 Qxe4 27. Qxe4 Bxe4 28. Rcd1 Rxd2 29. Rxd2 Bxf3 (29... f6 {is more complex.} 30. Nd4 Kf7 31. Nb3 Be7 32. Rd7 Rd8) 30. gxf3 $15 {[%mdl 4096] Endgame KRB-KRB} Kh7 31. Rd7 Kg6 32. Kg2 Rc6 33. Be5 f6 34. Rc7 $2 {[#]} (34. Bc7 $11 {and White stays safe.}) 34... Rxc7 $19 35. Bxc7 Kf5 36. Kf1 ({White has to play} 36. b3 $19) 36... e5 {aiming for ...Ke6.} 37. a3 $2 {[%mdl 8192]} (37. Bb8 $17 {was the crucial defense.}) 37... a4 {Accuracy: White = 26%, Black = 44%.} 0-1